[Event "C16Blitz"]
[Site "?"]
[Date "2021.08.26"]
[Round "13.1"]
[White "Kacprzak, Kacper"]
[Black "Chyzy, Jakub"]
[Result "1-0"]
[BlackElo "2013"]
[WhiteElo "2186"]
[LiveChessVersion "1.4.4"]

1. e4 {[%clk 0:03:03]} Nf6 {[%clk 0:03:04]} 2. e5 {[%clk 0:03:04]} Nd5
{[%clk 0:03:05]} 3. d4 {[%clk 0:03:05]} d6 {[%clk 0:03:07]} 4. c4
{[%clk 0:03:06]} Nb6 5. exd6 exd6 {[%clk 0:03:10]} 6. Nc3 {[%clk 0:03:03]} Be7
{[%clk 0:03:12]} 7. Be3 {[%clk 0:03:04]} O-O {[%clk 0:03:12]} 8. Nf3
{[%clk 0:03:03]} Bf6 {[%clk 0:03:13]} 9. h3 {[%clk 0:02:58]} Nc6 {[%clk 0:03:14]}
10. Be2 {[%clk 0:02:54]} Bf5 {[%clk 0:02:54]} 11. O-O {[%clk 0:02:54]} d5
{[%clk 0:02:55]} 12. c5 {[%clk 0:02:18]} Nc4 {[%clk 0:02:56]} 13. Bxc4
{[%clk 0:02:19]} dxc4 {[%clk 0:02:58]} 14. d5 {[%clk 0:02:20]} Nb4
{[%clk 0:02:51]} 15. Bd4 {[%clk 0:02:11]} Bd3 {[%clk 0:02:45]} 16. Bxf6
{[%clk 0:01:52]} Qxf6 {[%clk 0:02:45]} 17. Qa4 {[%clk 0:01:48]} Bxf1
{[%clk 0:02:19]} 18. Rxf1 {[%clk 0:01:35]} Nd3 {[%clk 0:02:18]} 19. Qxc4
{[%clk 0:01:29]} Ne5 {[%clk 0:02:04]} 20. Nxe5 {[%clk 0:01:28]} Qxe5
{[%clk 0:02:06]} 21. Rd1 {[%clk 0:01:24]} Rad8 {[%clk 0:02:06]} 22. b4
{[%clk 0:01:18]} Rfe8 {[%clk 0:01:57]} 23. a4 {[%clk 0:01:17]} Kh8
{[%clk 0:01:41]} 24. a5 {[%clk 0:01:17]} f5 {[%clk 0:01:40]} 25. b5
{[%clk 0:01:08]} f4 {[%clk 0:01:33]} 26. Qd4 {[%clk 0:01:06]} Qg5
{[%clk 0:01:03]} 27. b6 {[%clk 0:00:57]} axb6 28. axb6 {[%clk 0:00:58]} cxb6
{[%clk 0:00:50]} 29. cxb6 {[%clk 0:00:59]} f3 {[%clk 0:00:51]} 30. g3
{[%clk 0:01:00]} Qf5 {[%clk 0:00:48]} 31. Kh2 {[%clk 0:00:54]} Rd6
{[%clk 0:00:32]} 32. Rd3 {[%clk 0:00:40]} Rf8 {[%clk 0:00:12]} 33. Re3
{[%clk 0:00:26]} Rh6 {[%clk 0:00:11]} 34. h4 {[%clk 0:00:26]} Rd6
{[%clk 0:00:09]} 35. Rd3 {[%clk 0:00:24]} Rfd8 {[%clk 0:00:04]} 36. Re3
{[%clk 0:00:21]} Kg8 {[%clk 0:00:06]} 37. Re5 {[%clk 0:00:20]} Qf6
{[%clk 0:00:06]} 38. Ne4 {[%clk 0:00:19]} Qf8 {[%clk 0:00:05]} 39. Nxd6 Qxd6 40.
Qe4 {[%clk 0:00:15]} Qf8 {[%clk 0:00:04]} 41. Re7 {[%clk 0:00:14]} Rb8
{[%clk 0:00:04]} 42. Qe6+ {[%clk 0:00:15]} Kh8 {[%clk 0:00:04]} 43. d6
{[%clk 0:00:17]} Rd8 {[%clk 0:00:04]} 44. d7 {[%clk 0:00:18]} h6 {[%clk 0:00:05]}
45. Re8 {[%clk 0:00:19]} 1-0

[Event "C16Blitz"]
[Site "?"]
[Date "2021.08.26"]
[Round "13.2"]
[White "Luczak, Filip"]
[Black "Kacprzak, Karol"]
[Result "0-1"]
[BlackElo "2100"]
[WhiteElo "2039"]
[LiveChessVersion "1.4.4"]

1. Nf3 {[%clk 0:03:03]} Nf6 2. g3 c5 {[%clk 0:03:03]} 3. Bg2 {[%clk 0:03:06]} Nc6
{[%clk 0:03:05]} 4. O-O {[%clk 0:03:06]} d5 {[%clk 0:03:06]} 5. d4
{[%clk 0:03:07]} e6 6. c4 dxc4 {[%clk 0:02:48]} 7. Ne5 {[%clk 0:03:10]} Bd7
{[%clk 0:02:40]} 8. Na3 {[%clk 0:03:08]} cxd4 {[%clk 0:02:20]} 9. Naxc4
{[%clk 0:03:09]} Be7 {[%clk 0:02:09]} 10. Qb3 {[%clk 0:02:42]} Qc8
{[%clk 0:01:52]} 11. Bf4 {[%clk 0:02:31]} O-O {[%clk 0:01:37]} 12. Rac1
{[%clk 0:02:20]} Nd5 {[%clk 0:01:17]} 13. Nxd7 {[%clk 0:01:39]} Qxd7
{[%clk 0:01:17]} 14. Ne5 {[%clk 0:01:21]} Nxe5 15. Bxd5 {[%clk 0:00:50]} Ng6
{[%clk 0:00:26]} 16. Bxb7 {[%clk 0:00:26]} Nxf4 {[%clk 0:00:25]} 17. gxf4
{[%clk 0:00:06]} Rab8 {[%clk 0:00:27]} 18. Bc6 {[%clk 0:00:06]} Rxb3
{[%clk 0:00:18]} 19. Bxd7 {[%clk 0:00:07]} Rxb2 {[%clk 0:00:19]} 20. f5
{[%clk 0:00:03]} Rxe2 {[%clk 0:00:16]} 21. fxe6 {[%clk 0:00:04]} fxe6
{[%clk 0:00:17]} 22. Rce1 {[%clk 0:00:05]} Rfxf2 {[%clk 0:00:10]} 23. Bxe6+
{[%clk 0:00:05]} Kh8 {[%clk 0:00:08]} 24. Rxe2 {[%clk 0:00:06]} Rxe2
{[%clk 0:00:09]} 25. Rf7 {[%clk 0:00:07]} Rxe6 {[%clk 0:00:10]} 0-1

[Event "C16Blitz"]
[Site "?"]
[Date "2021.08.26"]
[Round "13.3"]
[White "Czernek, Tymon"]
[Black "Kaliszuk, Kamil"]
[Result "1/2-1/2"]
[BlackElo "1751"]
[WhiteElo "1993"]
[LiveChessVersion "1.4.4"]

1. e4 {[%clk 0:03:03]} c5 {[%clk 0:03:03]} 2. Nf3 {[%clk 0:03:04]} e6
{[%clk 0:03:04]} 3. d4 {[%clk 0:03:06]} cxd4 {[%clk 0:03:05]} 4. Nxd4 Nf6 5. Nc3
{[%clk 0:03:04]} Nc6 {[%clk 0:03:06]} 6. a3 {[%clk 0:03:03]} a6 {[%clk 0:02:35]}
7. Be3 {[%clk 0:03:03]} Qc7 {[%clk 0:02:35]} 8. Be2 {[%clk 0:03:04]} Be7
{[%clk 0:02:36]} 9. O-O {[%clk 0:03:04]} O-O {[%clk 0:02:36]} 10. Kh1
{[%clk 0:03:05]} d6 {[%clk 0:02:22]} 11. f4 {[%clk 0:03:05]} Nxd4
{[%clk 0:01:58]} 12. Bxd4 {[%clk 0:03:03]} e5 {[%clk 0:01:59]} 13. Be3
{[%clk 0:03:00]} exf4 {[%clk 0:01:57]} 14. Bxf4 {[%clk 0:02:59]} Be6
{[%clk 0:01:58]} 15. Nd5 {[%clk 0:02:48]} Bxd5 {[%clk 0:01:53]} 16. exd5
{[%clk 0:02:48]} Nd7 {[%clk 0:01:49]} 17. c4 {[%clk 0:02:33]} Bf6
{[%clk 0:01:48]} 18. Rb1 {[%clk 0:02:29]} Ne5 {[%clk 0:01:46]} 19. b3
{[%clk 0:02:00]} Rfe8 {[%clk 0:01:41]} 20. Bg3 {[%clk 0:01:26]} Re7
{[%clk 0:01:41]} 21. Qd2 {[%clk 0:01:18]} Rae8 {[%clk 0:01:36]} 22. Bh5
{[%clk 0:00:57]} Qc5 {[%clk 0:01:23]} 23. Bf2 {[%clk 0:00:46]} Qc7
{[%clk 0:01:12]} 24. Bg3 {[%clk 0:00:47]} Qc5 {[%clk 0:01:10]} 25. Bf2
{[%clk 0:00:47]} Qc7 {[%clk 0:01:11]} 26. Bg3 {[%clk 0:00:48]} Qc5
{[%clk 0:01:08]} 1/2-1/2

[Event "C16Blitz"]
[Site "?"]
[Date "2021.08.26"]
[Round "13.4"]
[White "Syrkiewicz, Michal"]
[Black "Oglaza, Oskar"]
[Result "1/2-1/2"]
[BlackElo "2126"]
[WhiteElo "1713"]
[LiveChessVersion "1.4.4"]

1. e4 {[%clk 0:03:03]} c5 {[%clk 0:03:04]} 2. Nf3 {[%clk 0:03:03]} d6
{[%clk 0:03:05]} 3. d4 {[%clk 0:03:04]} cxd4 {[%clk 0:03:06]} 4. Nxd4
{[%clk 0:03:05]} Nf6 {[%clk 0:03:08]} 5. Nc3 a6 6. f4 {[%clk 0:03:06]} Qc7
{[%clk 0:02:44]} 7. Bd3 {[%clk 0:02:58]} b5 {[%clk 0:02:31]} 8. a3
{[%clk 0:02:43]} Bb7 {[%clk 0:02:32]} 9. Be3 {[%clk 0:02:39]} Nbd7
{[%clk 0:02:29]} 10. O-O {[%clk 0:02:28]} g6 {[%clk 0:01:55]} 11. Qe2
{[%clk 0:02:17]} Bg7 {[%clk 0:01:56]} 12. Nb3 {[%clk 0:02:14]} O-O
{[%clk 0:01:54]} 13. Rad1 {[%clk 0:02:12]} Rac8 {[%clk 0:01:54]} 14. h3
{[%clk 0:02:05]} Nc5 {[%clk 0:01:11]} 15. Nxc5 {[%clk 0:01:49]} dxc5
{[%clk 0:01:12]} 16. e5 {[%clk 0:01:50]} c4 {[%clk 0:01:11]} 17. exf6
{[%clk 0:01:42]} cxd3 {[%clk 0:01:11]} 18. Rxd3 {[%clk 0:01:39]} Bxf6
{[%clk 0:01:12]} 19. Rfd1 {[%clk 0:01:35]} Rfd8 {[%clk 0:01:07]} 20. Qf2
{[%clk 0:01:30]} Rxd3 {[%clk 0:01:05]} 21. Rxd3 {[%clk 0:01:31]} e6
{[%clk 0:01:03]} 22. Bd4 {[%clk 0:01:28]} Bxd4 {[%clk 0:00:57]} 23. Qxd4
{[%clk 0:01:27]} Qc6 {[%clk 0:00:58]} 24. Rd2 {[%clk 0:01:25]} Qc4
{[%clk 0:00:45]} 25. Qd7 {[%clk 0:01:08]} Rc7 {[%clk 0:00:44]} 26. Qd8+
{[%clk 0:01:07]} Kg7 {[%clk 0:00:45]} 27. Qd4+ {[%clk 0:00:57]} Qxd4+
{[%clk 0:00:45]} 28. Rxd4 {[%clk 0:00:58]} Kf6 {[%clk 0:00:43]} 29. Kf2
{[%clk 0:00:58]} Ke7 {[%clk 0:00:43]} 30. g3 {[%clk 0:00:56]} f6 {[%clk 0:00:39]}
31. Rd2 {[%clk 0:00:49]} Rc5 {[%clk 0:00:39]} 32. Ke3 {[%clk 0:00:44]} g5
{[%clk 0:00:36]} 33. Ne4 {[%clk 0:00:38]} gxf4+ {[%clk 0:00:36]} 34. gxf4
{[%clk 0:00:38]} Bxe4 {[%clk 0:00:19]} 35. Kxe4 {[%clk 0:00:38]} Rc4+
{[%clk 0:00:18]} 36. Ke3 {[%clk 0:00:38]} a5 {[%clk 0:00:18]} 37. b3
{[%clk 0:00:39]} Rc3+ {[%clk 0:00:19]} 38. Kd4 {[%clk 0:00:37]} Rxh3
{[%clk 0:00:17]} 39. Kc5 {[%clk 0:00:38]} Rh5+ {[%clk 0:00:17]} 40. Kc6
{[%clk 0:00:38]} e5 {[%clk 0:00:12]} 41. fxe5 {[%clk 0:00:39]} fxe5
{[%clk 0:00:13]} 42. Kxb5 {[%clk 0:00:40]} Ke6 {[%clk 0:00:13]} 43. Kc6
{[%clk 0:00:36]} e4 {[%clk 0:00:12]} 44. c4 {[%clk 0:00:35]} Rh3 {[%clk 0:00:12]}
45. b4 {[%clk 0:00:31]} a4 {[%clk 0:00:13]} 46. Ra2 {[%clk 0:00:29]} Rc3
{[%clk 0:00:07]} 47. Kb5 {[%clk 0:00:30]} e3 {[%clk 0:00:08]} 48. Kxa4
{[%clk 0:00:27]} Rxc4 {[%clk 0:00:09]} 49. Re2 {[%clk 0:00:26]} Rc3
{[%clk 0:00:11]} 50. b5 {[%clk 0:00:27]} Kd5 {[%clk 0:00:11]} 51. Kb4
{[%clk 0:00:28]} Rd3 {[%clk 0:00:12]} 52. a4 {[%clk 0:00:27]} h5 {[%clk 0:00:12]}
53. b6 {[%clk 0:00:26]} Kc6 {[%clk 0:00:10]} 54. a5 {[%clk 0:00:27]} h4
{[%clk 0:00:10]} 55. Kc4 {[%clk 0:00:25]} Ra3 {[%clk 0:00:10]} 56. Kd4
{[%clk 0:00:25]} h3 {[%clk 0:00:12]} 57. Ke4 {[%clk 0:00:15]} Rxa5 58. Kf3
{[%clk 0:00:09]} Rf5+ {[%clk 0:00:10]} 59. Kg3 {[%clk 0:00:09]} Kxb6
{[%clk 0:00:10]} 60. Rxe3 {[%clk 0:00:05]} Rh5 {[%clk 0:00:10]} 61. Re2 Kc5 62.
Rh2 {[%clk 0:00:07]} Kd4 {[%clk 0:00:14]} 63. Rxh3 Rf5 64. Kg4 {[%clk 0:00:09]}
Rf8 {[%clk 0:00:16]} 65. Rh1 {[%clk 0:00:09]} Ke3 {[%clk 0:00:18]} 66. Re1+
{[%clk 0:00:10]} Kf2 {[%clk 0:00:19]} 67. Re7 {[%clk 0:00:11]} Ra8
{[%clk 0:00:20]} 68. Rb7 {[%clk 0:00:10]} Ra4+ {[%clk 0:00:21]} 69. Kf5
{[%clk 0:00:12]} 1/2-1/2

[Event "C16Blitz"]
[Site "?"]
[Date "2021.08.26"]
[Round "13.5"]
[White "Madajczak, Piotr"]
[Black "Karolczuk, Iwo"]
[Result "0-1"]
[BlackElo "2149"]
[WhiteElo "1626"]
[LiveChessVersion "1.4.4"]

1. c4 {[%clk 0:03:03]} a6 {[%clk 0:03:04]} 2. Nc3 {[%clk 0:03:03]} b6
{[%clk 0:03:06]} 3. e4 Bb7 {[%clk 0:03:06]} 4. d4 {[%clk 0:03:01]} g6
{[%clk 0:03:08]} 5. Nf3 {[%clk 0:02:57]} Bg7 {[%clk 0:03:08]} 6. Be3
{[%clk 0:02:53]} d6 {[%clk 0:03:09]} 7. Bd3 {[%clk 0:02:52]} Nd7 {[%clk 0:03:11]}
8. O-O {[%clk 0:02:53]} e6 {[%clk 0:03:12]} 9. Rc1 {[%clk 0:02:50]} Ne7
{[%clk 0:03:13]} 10. b4 {[%clk 0:02:51]} O-O {[%clk 0:03:07]} 11. Qc2
{[%clk 0:02:33]} c5 {[%clk 0:03:04]} 12. bxc5 {[%clk 0:02:33]} bxc5
{[%clk 0:03:03]} 13. d5 {[%clk 0:02:34]} e5 {[%clk 0:03:01]} 14. Nd2
{[%clk 0:02:31]} f5 {[%clk 0:03:01]} 15. f3 {[%clk 0:02:32]} f4 {[%clk 0:03:01]}
16. Bf2 {[%clk 0:02:33]} g5 {[%clk 0:03:02]} 17. Rb1 {[%clk 0:02:34]} Qc7
{[%clk 0:02:59]} 18. Rb2 {[%clk 0:02:12]} Nf6 {[%clk 0:02:51]} 19. Rfb1
{[%clk 0:02:06]} Bc8 {[%clk 0:02:51]} 20. Qb3 {[%clk 0:02:02]} g4
{[%clk 0:02:51]} 21. Qb6 {[%clk 0:01:48]} Qd7 {[%clk 0:02:53]} 22. Kf1
{[%clk 0:01:49]} g3 {[%clk 0:02:32]} 23. hxg3 {[%clk 0:01:39]} fxg3
{[%clk 0:02:33]} 24. Bg1 {[%clk 0:01:40]} Ng4 {[%clk 0:02:29]} 25. Ke2
{[%clk 0:01:37]} Nf2 {[%clk 0:02:29]} 26. Nd1 {[%clk 0:01:17]} Ng6
{[%clk 0:02:21]} 27. Bxf2 {[%clk 0:00:34]} gxf2 {[%clk 0:02:20]} 28. Nxf2
{[%clk 0:00:35]} Qe7 {[%clk 0:02:19]} 29. Rh1 {[%clk 0:00:25]} Bd7
{[%clk 0:02:14]} 30. Qa5 {[%clk 0:00:24]} Qg5 {[%clk 0:02:14]} 31. Qc7
{[%clk 0:00:10]} Nf4+ {[%clk 0:01:41]} 32. Kd1 {[%clk 0:00:10]} Qxg2
{[%clk 0:01:41]} 33. Qxd7 {[%clk 0:00:06]} Rf7 {[%clk 0:01:29]} 34. Qc6
{[%clk 0:00:06]} Rd8 {[%clk 0:01:28]} 35. Kc2 {[%clk 0:00:03]} Qxf2
{[%clk 0:01:28]} 36. Rf1 {[%clk 0:00:04]} Qd4 {[%clk 0:01:22]} 37. Rb3
{[%clk 0:00:05]} Ng2 {[%clk 0:01:23]} 38. Qxa6 Ne3+ {[%clk 0:01:23]} 39. Kc1
{[%clk 0:00:04]} Nxf1 {[%clk 0:01:21]} 40. Bxf1 {[%clk 0:00:05]} Bh6
{[%clk 0:01:21]} 41. Rd3 {[%clk 0:00:05]} Qa1+ {[%clk 0:01:21]} 42. Kc2
{[%clk 0:00:07]} Rb8 {[%clk 0:01:20]} 43. Rb3 {[%clk 0:00:06]} Rxb3
{[%clk 0:01:19]} 44. Nxb3 {[%clk 0:00:05]} Qxf1 {[%clk 0:01:18]} 45. Qc8+
{[%clk 0:00:06]} Bf8 {[%clk 0:01:10]} 46. Qg4+ {[%clk 0:00:06]} Kh8
{[%clk 0:01:11]} 47. a4 {[%clk 0:00:03]} Qxc4+ {[%clk 0:01:10]} 0-1

[Event "C16Blitz"]
[Site "?"]
[Date "2021.08.26"]
[Round "13.6"]
[White "Malik, Maciej"]
[Black "Luberanski, Jakub"]
[Result "1-0"]
[BlackElo "2084"]
[WhiteElo "1856"]
[LiveChessVersion "1.4.4"]

1. d4 {[%clk 0:03:04]} Nf6 {[%clk 0:03:03]} 2. Nf3 {[%clk 0:03:05]} e6
{[%clk 0:03:04]} 3. e3 {[%clk 0:03:06]} d5 {[%clk 0:03:05]} 4. Bd3
{[%clk 0:03:07]} c5 {[%clk 0:03:05]} 5. b3 {[%clk 0:03:08]} Nc6 {[%clk 0:03:06]}
6. O-O {[%clk 0:03:08]} Bd6 {[%clk 0:03:06]} 7. Bb2 {[%clk 0:03:09]} cxd4
{[%clk 0:03:06]} 8. exd4 {[%clk 0:03:09]} O-O {[%clk 0:03:06]} 9. a3
{[%clk 0:03:10]} b6 {[%clk 0:03:00]} 10. Nbd2 {[%clk 0:03:11]} Bb7
{[%clk 0:03:01]} 11. Qe2 {[%clk 0:03:12]} Ne7 {[%clk 0:02:52]} 12. Ne5
{[%clk 0:03:04]} Ng6 {[%clk 0:02:52]} 13. Nxg6 {[%clk 0:02:55]} hxg6
{[%clk 0:02:53]} 14. Rfe1 {[%clk 0:02:49]} Qc7 {[%clk 0:02:54]} 15. h3
{[%clk 0:02:50]} Rfe8 {[%clk 0:02:50]} 16. Rac1 {[%clk 0:02:49]} Rac8
{[%clk 0:02:43]} 17. Nf3 {[%clk 0:02:23]} Bf4 {[%clk 0:02:37]} 18. Rcd1
{[%clk 0:02:19]} Ne4 {[%clk 0:02:37]} 19. Ne5 {[%clk 0:02:03]} Nc3
{[%clk 0:02:00]} 20. Bxc3 {[%clk 0:01:41]} Qxc3 {[%clk 0:02:01]} 21. Nxg6
{[%clk 0:00:50]} fxg6 {[%clk 0:01:58]} 22. Bxg6 {[%clk 0:00:50]} Re7
{[%clk 0:01:04]} 23. Qg4 {[%clk 0:00:51]} Bh6 {[%clk 0:00:54]} 24. Rxe6
{[%clk 0:00:45]} Rxe6 {[%clk 0:00:51]} 25. Qxe6+ {[%clk 0:00:45]} Kh8
{[%clk 0:00:52]} 26. Bf5 {[%clk 0:00:16]} Qc6 {[%clk 0:00:46]} 27. Qf7
{[%clk 0:00:11]} Rd8 {[%clk 0:00:32]} 28. Re1 {[%clk 0:00:12]} Bc8
{[%clk 0:00:26]} 29. Qe7 {[%clk 0:00:07]} Rg8 {[%clk 0:00:22]} 30. Bd3
{[%clk 0:00:08]} Qd7 {[%clk 0:00:21]} 31. Qh4 {[%clk 0:00:08]} Qd8
{[%clk 0:00:21]} 32. Qh5 {[%clk 0:00:09]} Qf6 {[%clk 0:00:20]} 33. Re8
{[%clk 0:00:04]} Be6 {[%clk 0:00:21]} 34. Rxg8+ {[%clk 0:00:04]} Bxg8
{[%clk 0:00:22]} 35. Qe2 {[%clk 0:00:05]} Qxd4 {[%clk 0:00:20]} 36. Qe8
{[%clk 0:00:06]} Qa1+ {[%clk 0:00:20]} 37. Kh2 {[%clk 0:00:07]} Qc1
{[%clk 0:00:19]} 38. g3 {[%clk 0:00:04]} Qd2 {[%clk 0:00:20]} 39. Kg2
{[%clk 0:00:05]} d4 {[%clk 0:00:20]} 40. Bc4 {[%clk 0:00:06]} Kh7
{[%clk 0:00:08]} 41. Bxg8+ {[%clk 0:00:07]} Kh8 {[%clk 0:00:10]} 42. Bf7+
{[%clk 0:00:08]} 1-0

[Event "C16Blitz"]
[Site "?"]
[Date "2021.08.26"]
[Round "13.7"]
[White "Zdybel, Przemyslaw"]
[Black "Dzida, Kamil"]
[Result "1-0"]
[BlackElo "1932"]
[WhiteElo "1670"]
[LiveChessVersion "1.4.4"]

1. e4 {[%clk 0:03:03]} c5 {[%clk 0:03:03]} 2. Nc3 {[%clk 0:03:02]} a6
{[%clk 0:03:04]} 3. Nf3 {[%clk 0:03:01]} d6 {[%clk 0:03:04]} 4. d4
{[%clk 0:03:02]} cxd4 {[%clk 0:03:05]} 5. Nxd4 {[%clk 0:03:02]} Nf6
{[%clk 0:03:06]} 6. Be3 {[%clk 0:03:01]} e5 {[%clk 0:03:06]} 7. Nb3
{[%clk 0:03:02]} Be6 {[%clk 0:03:07]} 8. f3 {[%clk 0:03:03]} Be7 {[%clk 0:03:07]}
9. Qd2 {[%clk 0:03:04]} O-O {[%clk 0:03:06]} 10. O-O-O {[%clk 0:03:04]} a5
{[%clk 0:03:07]} 11. Qe1 {[%clk 0:02:59]} Na6 {[%clk 0:02:55]} 12. Bb5
{[%clk 0:02:58]} Qb8 {[%clk 0:02:52]} 13. g4 {[%clk 0:02:49]} Rc8
{[%clk 0:02:53]} 14. Kb1 {[%clk 0:02:42]} Ne8 {[%clk 0:02:52]} 15. a4
{[%clk 0:02:28]} Nec7 {[%clk 0:02:48]} 16. Qe2 {[%clk 0:02:29]} Nb4
{[%clk 0:02:39]} 17. Rd2 {[%clk 0:02:27]} Nxb5 {[%clk 0:02:33]} 18. Nxb5
{[%clk 0:02:27]} Bc4 {[%clk 0:02:33]} 19. Qd1 {[%clk 0:02:20]} Bxb5
{[%clk 0:02:24]} 20. axb5 {[%clk 0:02:20]} a4 {[%clk 0:02:25]} 21. Nc1
{[%clk 0:01:38]} a3 {[%clk 0:02:25]} 22. c3 {[%clk 0:01:26]} axb2
{[%clk 0:02:25]} 23. Kxb2 {[%clk 0:01:27]} b6 {[%clk 0:01:59]} 24. Qb3
{[%clk 0:00:53]} Qa7 {[%clk 0:01:51]} 25. Ne2 {[%clk 0:00:41]} Qa2+
{[%clk 0:01:38]} 26. Qxa2 Rxa2+ {[%clk 0:01:38]} 27. Kb3 {[%clk 0:00:43]} Rxd2
{[%clk 0:01:37]} 28. Bxd2 {[%clk 0:00:45]} Nd3 {[%clk 0:01:38]} 29. Be3
{[%clk 0:00:42]} Nc5+ {[%clk 0:01:34]} 30. Bxc5 {[%clk 0:00:41]} Rxc5
{[%clk 0:01:35]} 31. c4 {[%clk 0:00:40]} g6 {[%clk 0:01:36]} 32. Nc3
{[%clk 0:00:40]} f5 {[%clk 0:01:30]} 33. Rd1 {[%clk 0:00:41]} fxg4
{[%clk 0:01:21]} 34. fxg4 {[%clk 0:00:42]} Rc8 {[%clk 0:01:14]} 35. Nd5
{[%clk 0:00:38]} Bd8 {[%clk 0:01:15]} 36. Ra1 {[%clk 0:00:39]} Bc7
{[%clk 0:01:16]} 37. Ra7 {[%clk 0:00:39]} Bd8 {[%clk 0:01:15]} 38. Rd7
{[%clk 0:00:37]} h5 {[%clk 0:01:16]} 39. h3 {[%clk 0:00:32]} hxg4
{[%clk 0:01:16]} 40. hxg4 {[%clk 0:00:33]} Kf8 {[%clk 0:01:15]} 41. Rxd6
{[%clk 0:00:33]} Kf7 {[%clk 0:01:17]} 42. Nxb6 {[%clk 0:00:25]} Bxb6
{[%clk 0:01:03]} 43. Rxb6 {[%clk 0:00:26]} Rd8 {[%clk 0:01:04]} 44. Kc3
{[%clk 0:00:20]} Rd4 {[%clk 0:01:02]} 45. Rc6 {[%clk 0:00:12]} Rxe4
{[%clk 0:01:02]} 46. b6 {[%clk 0:00:13]} Re3+ {[%clk 0:01:01]} 47. Kb4
{[%clk 0:00:15]} Re1 {[%clk 0:01:01]} 48. Kc5 {[%clk 0:00:13]} Rb1
{[%clk 0:00:57]} 49. Kd5 {[%clk 0:00:11]} Kg7 {[%clk 0:00:51]} 50. c5
{[%clk 0:00:11]} 1-0

[Event "C16Blitz"]
[Site "?"]
[Date "2021.08.26"]
[Round "13.8"]
[White "Dziendziel, Mateusz"]
[Black "Turski, Bartlomiej"]
[Result "0-1"]
[BlackElo "1896"]
[WhiteElo "1567"]
[LiveChessVersion "1.4.4"]

1. f4 {[%clk 0:03:03]} d5 {[%clk 0:03:02]} 2. Nf3 {[%clk 0:03:05]} Nf6
{[%clk 0:03:03]} 3. e3 {[%clk 0:03:06]} g6 {[%clk 0:03:03]} 4. Be2
{[%clk 0:03:07]} Bg7 {[%clk 0:03:04]} 5. O-O {[%clk 0:03:08]} c5 {[%clk 0:03:05]}
6. d3 {[%clk 0:03:08]} O-O {[%clk 0:03:04]} 7. Qe1 {[%clk 0:03:09]} e6
{[%clk 0:03:04]} 8. Bd1 {[%clk 0:02:44]} Nc6 {[%clk 0:03:02]} 9. e4
{[%clk 0:02:45]} dxe4 {[%clk 0:02:35]} 10. dxe4 {[%clk 0:02:45]} b6
{[%clk 0:02:36]} 11. c4 {[%clk 0:02:20]} Ba6 {[%clk 0:02:34]} 12. e5
{[%clk 0:02:14]} Ne8 {[%clk 0:02:15]} 13. b3 {[%clk 0:02:11]} Nb4
{[%clk 0:02:10]} 14. Bd2 {[%clk 0:01:34]} Nc6 {[%clk 0:01:51]} 15. Bc3
{[%clk 0:01:30]} b5 {[%clk 0:01:52]} 16. Be2 {[%clk 0:01:24]} bxc4
{[%clk 0:01:51]} 17. Bxc4 {[%clk 0:01:16]} Bxc4 {[%clk 0:01:52]} 18. bxc4
{[%clk 0:01:17]} Nd4 {[%clk 0:01:43]} 19. Na3 {[%clk 0:01:08]} Nf5
{[%clk 0:01:34]} 20. Rd1 {[%clk 0:01:05]} Qe7 {[%clk 0:01:32]} 21. Qe4
{[%clk 0:00:47]} Nc7 {[%clk 0:01:28]} 22. Ba5 {[%clk 0:00:35]} Na6
{[%clk 0:01:28]} 23. Nb5 {[%clk 0:00:33]} Rac8 {[%clk 0:00:59]} 24. a3
{[%clk 0:00:34]} Nb8 {[%clk 0:00:57]} 25. Rd2 {[%clk 0:00:21]} Nc6
{[%clk 0:00:57]} 26. Bc3 {[%clk 0:00:22]} a6 {[%clk 0:00:31]} 27. Nd6
{[%clk 0:00:22]} Rc7 {[%clk 0:00:30]} 28. Nxf5 {[%clk 0:00:18]} exf5
{[%clk 0:00:31]} 29. Qe3 {[%clk 0:00:20]} Rfc8 {[%clk 0:00:26]} 30. Rfd1
{[%clk 0:00:21]} Qe6 {[%clk 0:00:28]} 31. Qe2 {[%clk 0:00:21]} Bh6
{[%clk 0:00:23]} 32. g3 {[%clk 0:00:22]} Re8 {[%clk 0:00:22]} 33. Rd6
{[%clk 0:00:22]} Qc8 34. h4 Nd8 {[%clk 0:00:23]} 35. Qe3 {[%clk 0:00:19]} Ne6
{[%clk 0:00:25]} 36. Ba5 {[%clk 0:00:15]} Rc6 {[%clk 0:00:17]} 37. Ng5
{[%clk 0:00:14]} Bxg5 {[%clk 0:00:15]} 38. hxg5 {[%clk 0:00:16]} Rxd6
{[%clk 0:00:14]} 39. Rxd6 {[%clk 0:00:17]} Qb7 {[%clk 0:00:12]} 40. Qd2
{[%clk 0:00:15]} Qf3 {[%clk 0:00:12]} 41. Qf2 {[%clk 0:00:10]} Qxa3
{[%clk 0:00:10]} 42. Rxa6 {[%clk 0:00:09]} Qd3 {[%clk 0:00:10]} 43. Rd6
{[%clk 0:00:05]} Nd4 {[%clk 0:00:10]} 44. Bb6 {[%clk 0:00:06]} Qxc4
{[%clk 0:00:10]} 45. Rd7 {[%clk 0:00:04]} Ne6 {[%clk 0:00:09]} 46. Kg2
{[%clk 0:00:05]} Qb5 {[%clk 0:00:10]} 47. Bc7 {[%clk 0:00:04]} Qxd7
{[%clk 0:00:11]} 48. Bd6 {[%clk 0:00:04]} Qc6+ {[%clk 0:00:13]} 49. Kh2
{[%clk 0:00:05]} c4 {[%clk 0:00:14]} 50. Qc2 {[%clk 0:00:07]} c3 {[%clk 0:00:15]}
51. Bb4 {[%clk 0:00:07]} Nd4 {[%clk 0:00:16]} 52. Qd3 {[%clk 0:00:08]} Nf3+
{[%clk 0:00:18]} 53. Kh3 {[%clk 0:00:09]} c2 {[%clk 0:00:19]} 54. Ba3
{[%clk 0:00:09]} 0-1